Music Quiz

Random Music Quiz

#1 Hits ('00-'04) by ANY Word Quiz Stats

 Plays Quiz not verified by Sporcle

Challenge
Share
Tweet
Embed
Score 0/61 Timer 05:00
0 Plays Today
Artist Song % Correct
Christina AguileraCome On Over Baby (All I Want is You)
99%
Savage GardenI Knew I Loved You
98.4%
Mariah Carey featuring Joe and 98 DegreesThank God I Found You
98.3%
Destiny's ChildIndependent Women Part I
97.8%
Jennifer Lopez featuring LL Cool JAll I Have
97.6%
UsherU Got It Bad
96.7%
FantasiaI Believe
96.7%
UsherU Remind Me
96.4%
NickelbackHow You Remind Me
96.3%
Kelly ClarksonA Moment Like This
96.3%
50 CentIn Da Club
96.3%
Christina AguileraWhat a Girl Wants
96.2%
OutKast featuring Sleepy BrownThe Way You Move
96%
Beyonce featuring Jay-ZCrazy in Love
95.3%
Enrique IglesiasBe With You
95.2%
Shaggy featuring Ricardo 'RikRok' DucentIt Wasn't Me
93.7%
Janet JacksonAll for You
93%
NsyncIt's Gonna Be Me
92.1%
Vertical HorizonEverything You Want
90.7%
NellyHot in Herre
89.4%
Snoop Dogg featuring PharrellDrop It Like It's Hot
88.2%
Clay AikenThis is the Night
86.4%
Usher and Alicia KeysMy Boo
78.7%
OutKastHey Ya!
78.1%
Jennifer Lopez featuring Ja RuleAin't It Funny
78%
Destiny's ChildSay My Name
77.8%
Santana featuring Rob ThomasSmooth
72.8%
Nelly, P. Diddy & Murphy LeeShake Ya Tailfeather
70.8%
Ja Rule featuring AshantiAlways on Time
69.3%
Christina Aguilera, Mya, Lil Kim and PinkLady Marmalade
63.7%
Beyonce featuring Sean PaulBaby Boy
59.1%
Artist Song % Correct
Jennifer Lopez featuring Ja RuleI'm Real
58.3%
CreedWith Arms Wide Open
54.7%
Usher featuring Lil Jon and LudacrisYeah!
54.1%
OutKastMs. Jackson
49.8%
Alicia KeysFallin'
48.2%
EminemLose Yourself
46.9%
Crazy TownButterfly
43.9%
MadonnaMusic
39.3%
UsherConfessions Part II
36.9%
Shaggy featuring RayvonAngel
36.2%
LonestarAmazed
35.6%
Santana featuring the Product G&BMaria Maria
32.6%
AaliyahTry Again
32.4%
Sean PaulGet Busy
32.3%
Terror SquadLean Back
31.4%
Ludacris featuring ShawnnaStand Up!
29.9%
Nelly featuring Kelly RowlandDilemma
28%
Mary J. BligeFamily Affair
27.9%
UsherBurn
25%
Destiny's ChildBootylicious
23.8%
Ciara featuring Petey PabloGoodies
22.6%
matchbox twentyBent
19%
AshantiFoolish
17.5%
B2K & P. DiddyBump, Bump, Bump
16.9%
Twista featuring Jamie Foxx and Kayne WestSlow Jamz
16.4%
Juvenile featuring Soulja SlimSlow Motion
15.8%
Janet JacksonDoesn't Really Matter
13.1%
50 Cent featuring Nate Dogg21 Questions
12.1%
Joe featuring MystikalStutter
11.3%
SisqoIncomplete
10.6%

You're not logged in!

Compare scores with friends on all Sporcle quizzes.
Join for Free
OR
Log In

You Might Also Like...

Show Comments

Extras

Created Mar 26, 2012ReportFavoriteNominate
Tags:2000s, early, Hot 100

Top Quizzes Today


Score Distribution

Your Account Isn't Verified!

In order to create a playlist on Sporcle, you need to verify the email address you used during registration. Go to your Sporcle Settings to finish the process.

Report this User

Report this user for behavior that violates our Community Guidelines.

Details: